| 000 | 00000nam##2200000za#4500 |
| 001 | 9.579258 |
| 003 | CaOODSP |
| 005 | 20210624190500 |
| 007 | cr ||||||||||| |
| 008 | 150406|2000||||xxc|||||o f|0| 0 eng|d |
| 022 | |a1488-5379 |
| 040 | |aCaOODSP|beng |
| 043 | |an-cn--- |
| 086 | 1 |aFs97-6/2314E-PDF |
| 110 | 1 |aCanada. |bDepartment of Fisheries and Oceans. |
| 245 | 10|aGuidelines to protect fish and fish habitat from treated wood used in aquatic environments in the Pacific region / |h[electronic resource]|cby K.E. Hutton, and S.C. Samis. |
| 260 | |aVancouver - British Columbia : |bFisheries and Oceans Canada |c2000. |
| 300 | |a42p.|bcoloured illus., figs., references, tables |
| 490 | 1 |aCanadian technical report of fisheries and aquatic sciences|x1488-5379|vNo. 2314 |
| 500 | |aOn t.p.: Habitat Enhancement Branch, Vancouver, BC. The catalogue number and ISSN for the print edition appear in the PDF version. |
| 546 | |a(Résumé en français) |
| 590 | |a14-06-Supp|b2014-03-21 |
| 720 | 1 |aSamis, S. C. |
| 720 | 1 |aHutton, K. E. |
| 830 | #0|aCanadian technical report of fisheries and aquatic sciences,|x1488-5379|vNo. 2314|w(CaOODSP)9.504449 |
| 856 | 40|ahttp://publications.gc.ca|qPDF|s964 KB|uhttps://publications.gc.ca/collections/collection_2014/mpo-dfo/Fs97-6-2314-eng.pdf|yNo. 2314 |